00000000nam 2200000zi 4500
0019.946649
003CaOODSP
00520250109105607
006m     o  d f      
007cr |n|||||||||
008250108s1938    oncad   o    f000 0 eng d
040 |aCaOODSP|beng|erda|cCaOODSP
043 |an-cn-ab
0861 |aA52-205/1937E-PDF
0861 |zA51-137E-PDF
1001 |aThomson, L. B., |eauthor.
24510|aDominion Range Experiment Station, Manyberries, Alberta : |bresults of experiments, 1927 - 1936 inclusive / |cL. B. Thomson.
264 1|aOttawa : |bMinister of Agriculture, |c1937
300 |a1 online resource (56 pages) : |billustrations, chart
336 |atext|btxt|2rdacontent
337 |acomputer|bc|2rdamedia
338 |aonline resource|bcr|2rdacarrier
500 |aDigitized edition from print [provided by Agriculture and Agri-Food Canada].
61025|bDominion Range Experiment Station (Manyberries, Alta.)
61025|bDominion Range Experiment Station (Manyberries, Alb.)
650 0|aAgricultural experiment stations|zAlberta|zManyberries.
650 6|aStations agronomiques|zAlberta|zManyberries.
7102 |bDominion Range Experiment Station (Manyberries, Alta.), |eissuing body.
7102 |aDominion Experimental Farms and Stations (Canada), |eissuing body.
85640|qPDF|s11.50 MB|uhttps://publications.gc.ca/collections/collection_2025/aac-aafc/A51-137-1936-eng.pdf